Song by Opening Lyric #5 - Statistics

General Stats
  • This quiz has been taken 42 times
  • The average score is 17 of 40
Answer Stats
Opening Lyrics Song Artist % Correct
- Spice Girls -
91%
- Wannabe -
88%
- I Want It That Way -
82%
- Backstreet Boys -
79%
- I'm Gonna Be -
79%
- Bee Gees -
73%
- Stayin' Alive -
73%
- Forget You -
67%
- Teenage Dirtbag -
64%
- The Proclaimers -
64%
- Green Day -
61%
- Hallelujah -
61%
- Basket Case -
52%
- Hurt -
52%
- Ceelo Green -
48%
- Don't You Want Me -
48%
- Leonard Cohen -
45%
- Sweet Home Alabama -
45%
- Wheatus -
45%
- Nine Inch Nails -
42%
- Lynyrd Skynyrd -
39%
- The Human League -
39%
- Californication -
33%
- Red Hot Chili Peppers -
33%
- Blitzkrieg Bop -
30%
- Fleetwood Mac -
30%
- Landslide -
30%
- Ramones -
30%
- Joan Jett -
27%
- The Beach Boys -
27%
- God Only Knows -
24%
- Werewolves Of London -
24%
- Bad Reputation -
21%
- The Smiths -
18%
- Jimmy Buffet -
15%
- Margaritaville -
15%
- There Is a Light That Never Goes Out -
15%
- Jambalaya -
12%
- Warren Zevon -
12%
- Hank Williams -
9%
No matching quizzes found
Score Distribution
Percent of People with Each Score
Percentile by Number Answered
Your Score History
You have not taken this quiz